000 01251nam a22002177a 4500
005 20260327145132.0
008 260327b |||||||| |||| 00| 0 eng d
020 _a9788126512331
040 _cAL
041 _aEnglish
082 _a621.38
_bSHAD
100 _aK Sam Shanmugam
_9259655
245 _aDigital and Analog communication systems
_b: as per AICTE
260 _aNew Delhi
_bWiley India Pvt Ltd
_c2012
300 _axviii,600p.
_bPB
_c22x15cm
365 _aVBI-2645
_b₹704.25
_c
_d₹939.00
_e25%
_f20-02-2026
520 _aThe book gives a unified treatment of theoretical and practical aspects of digital and analog communication systems, with emphasis on digital communication systems. It integrates theory with design, keeping theoretical details to a minimum, with over 60 practical and worked examples illustrating real-life methods. The emphasis is mainly on deriving design equations that relate performance of functional blocks to design parameters. It illustrates how to tradeoff between power, bandwidth and equipment complexity while maintaining an acceptable quality of performance.
650 _aGeneral Electronics
_9259635
650 _a Classification for communication engineering systems
_9259636
942 _2ddc
_cBK
999 _c241077
_d241077